House this for a cost briefing? (Record no. 75716)

MARC details
000 -LEADER
fixed length control field 00899cab a2200181 4500
001 - CONTROL NUMBER
control field L130584
008 - FIXED-LENGTH DATA ELEMENTS--GENERAL INFORMATION
fixed length control field 050815n2005 000 0 eng u
035 ## - SYSTEM CONTROL NUMBER
System control number (Sirsi) u130584
041 ## - LANGUAGE CODE
Language code of text/sound track or separate title eng
100 ## - MAIN ENTRY--PERSONAL NAME
Personal name Burns, Joseph
245 ## - TITLE STATEMENT
Title House this for a cost briefing?
260 ## - PUBLICATION, DISTRIBUTION, ETC.
Date of publication, distribution, etc. 2005
490 ## - SERIES STATEMENT
Series statement QS Week
Volume/sequential designation (16) 10 August 2005, 14-15(2)
520 ## - SUMMARY, ETC.
Summary, etc. An overview of the factors that contribute to the cost of residential units. Provides a comparison of typical individual unit costs and a comparison of typical floor area rates; together with an elemental breakdown of costs for social housing, town houses with integral garages, detached houses with separate garage block and semi detached and terraces with garages. Figures quoted reflect pricing in the south east of England. (For part two see L130632.)
590 ## - LOCAL NOTE (RLIN)
Local note IKA160805
690 ## - LOCAL SUBJECT ADDED ENTRY--TOPICAL TERM (OCLC, RLIN)
Topical term or geographic name as entry element BUILT ENVIRONMENT-BUILDING COSTS
942 ## - ADDED ENTRY ELEMENTS (KOHA)
Suppress in OPAC 0
Holdings
Withdrawn status Lost status Source of classification or shelving scheme Damaged status Not for loan Home library Current library Shelving location Date acquired Total Checkouts Full call number Barcode Date last seen Copy number Price effective from Koha item type
    Dewey Decimal Classification     London London Journal article 15/08/2005   L130584 130584-1001 06/08/2019 1 06/08/2019 Journal article